000 00741cam a2200217 a 4500
001 13838381
005 20180307090501.0
008 050111s2006 maua 001 0 eng
010 _a 2005042975
020 _a0321233832 (student ed.)
040 _aDLC
_cDLC
_dDLC
041 _aeng
080 _a512.9 BIT
082 0 0 _a512.9 BIT
_222
100 1 _a37
101 _aMAT
245 1 0 _aElementary and intermediate algebra :
_cMarvin L. Bittinger, David J. Ellenbogen, Barbara L. Johnson.
906 _a7
_bcbc
_corignew
_d1
_eocip
_f20
_gy-gencatlg
942 _2ddc
_cBK
999 _c44333
_d44333